| 000 | 00377 a2200121 4500 | ||
|---|---|---|---|
| 090 |
_c3060 _d3060 |
||
| 100 | _aSexton, Virginia, S. | ||
| 245 |
_aPsychology around the world _cVirginia S. Sexton & Henryk Misiak. |
||
| 260 |
_aIslamabad: _bNational Book Foundation, _c1976. |
||
| 300 |
_avii, 470 p. ; _c23 cm. |
||
| 650 | _a1.Psychology.2.Psychology--History. | ||
| 942 |
_cBK _k150 SEX |
||
| 999 |
_c6977 _d6977 |
||